000 00590nam a2200217 a 4500
001 ASIN8180940136
003 OSt
005 20150408114142.0
008 131001s2009 xxu eng d
020 _a8180940136 (paperback)
020 _a9788180940132 (paperback)
040 _aMa-Un
082 _222
_a571.29
100 1 _aKumari, S. Meena.
_937537
245 1 0 _aMicrobial physiology /
_cS. Meena Kumari.
260 _aNew Delhi :
_bMjp Publishers,
_c2009.
300 _a345 P.
650 _aMicrobiology.
650 _aMicroorganisms
_xPhysiology
_937538
942 _2ddc
_cBOOK
999 _c31103
_d265603